Normal view
MARC view
Entry Topical Term
001 - CONTROL NUMBER
- control field: 3435
003 - CONTROL NUMBER IDENTIFIER
- control field: dpl
005 - DATE AND TIME OF LATEST TRANSACTION
- control field: 20100731145453.0
008 - FIXED-LENGTH DATA ELEMENTS
- fixed length control field: 100731|||a|||||| | ||| d
040 ## - CATALOGING SOURCE
- Original cataloging agency: dpl
- Transcribing agency: dpl
150 ## - HEADING--TOPICAL TERM
- Topical term or geographic name as entry element: Unskilled labour
- General subdivision: Case Studies
- Geographic subdivision: Indonesia
670 ## - SOURCE DATA FOUND
- Source citation: Work cat.: (dpl)36955: Breman,Jan 3432, Outcast labour in Asia :, 2010
670 ## - SOURCE DATA FOUND
- Source citation: Work cat.: (dpl)36955: Breman,Jan 3432, Outcast labour in Asia :, 2010
